Small and medium-sized enterprises promoted and supported by Slovak institutions

Rozvoj malého a stredného podnikania ako súčasť transformačného procesu SR. Význam malých a stredných podnikov pre slovenskú ekonomiku.

Gespeichert in:
Bibliographische Detailangaben
1. Verfasser: Ivanová, Eva
Weitere Verfasser: Hricišáková, Daniela
Format: Buchkapitel
Sprache:Englisch
Schlagworte:
Tags: Tag hinzufügen
Keine Tags, Fügen Sie das erste Tag hinzu!

MARC

LEADER 00000naa a2200000 4500
001 0182668
005 20230908075430.9
041 0 |a eng 
044 |a CZ 
245 1 0 |a Small and medium-sized enterprises promoted and supported by Slovak institutions  |c Eva Ivanová, Daniela Hricišáková 
520 |a Rozvoj malého a stredného podnikania ako súčasť transformačného procesu SR. Význam malých a stredných podnikov pre slovenskú ekonomiku. 
610 2 0 |a podnik malý 
610 2 0 |a podnik stredný 
610 2 0 |a Slovensko 
610 2 0 |a podpora podnikania 
100 1 |a Ivanová, Eva 
700 1 |a Hricišáková, Daniela